|
|
|
|
| LEADER |
00000nas a2200000 i 4500 |
| 001 |
ssj0001072233 |
| 003 |
WaSeSS |
| 005 |
20200512172242.0 |
| 006 |
m d |
| 007 |
cr n |
| 008 |
131223c20089999bu f| p|s|||||| |0eng d |
| 035 |
|
|
|a (WaSeSS)ssj0001072233
|
| 040 |
|
|
|a WaSeSS
|b eng
|c WaSeSS
|d WaSeSS
|
| 050 |
1 |
4 |
|a G155.A1
|
| 245 |
0 |
0 |
|a European journal of tourism research
|h [electronic resource].
|
| 260 |
|
|
|a Dobrich, Bulgaria :
|b International University College,
|c 2008-
|
| 310 |
|
|
|a Semiannual
|
| 362 |
1 |
|
|a Began with Volume 1, Number 1 (2008).
|
| 506 |
|
|
|a License restrictions may limit access.
|
| 588 |
|
|
|a Description based on: Volume 1, Number 1 (2008); title from article pdf (ProQuest, viewed Dec. 11, 2013).
|
| 588 |
|
|
|a Latest issue consulted: Volume 6, Number 1 (2013) (viewed Dec. 11, 2013).
|
| 650 |
|
0 |
|a Tourism
|x Research
|v Periodicals.
|
| 655 |
|
0 |
|a Electronic journals.
|
| 856 |
4 |
0 |
|z Full text available from Research Library: 01/01/2008 to present
|u https://search.proquest.com/publication/55001
|